Sports Quiz

Random Sports or NFL Quiz

NFL Starting QBs (Houston Texans) Quiz Stats

 Plays Quiz Updated Jan 4, 2021

     
Support Sporcle.
Go Orange.
Score 0/16 Timer 04:00
1 Play Today
Starts Player % Correct
53Deshaun Watson
85.5%
88Matt Schaub
85.3%
59David Carr
82.2%
10T.J. Yates
54.6%
14Brock Osweiler
53.3%
12Ryan Fitzpatrick
48.9%
9Brian Hoyer
44.1%
9Tom Savage
40.6%
Starts Player % Correct
10Case Keenum
37.2%
6Ryan Mallett
32.9%
1Brandon Weeden
29%
10Sage Rosenfels
27.4%
1Matt Leinart
26.1%
1AJ McCarron
20.1%
3Tony Banks
15.2%
2David Ragone
9.8%

From the Vault

2015 March Madness Bracket

by armadilloking

Sports 12m
This quiz is your chance to relive the horror show that was your 2015 NCAA bracket.
Remove Ads.
Support Sporcle.
Get the best of Sporcle when you Go Orange. This ad-free experience offers more features, more stats, and more fun while also helping to support Sporcle. Thank you for becoming a member.

Show Comments

Extras

Top Quizzes Today


Score Distribution

Your Account Isn't Verified!

In order to create a playlist on Sporcle, you need to verify the email address you used during registration. Go to your Sporcle Settings to finish the process.

Report this User

Report this user for behavior that violates our Community Guidelines.

Details: